000 00494nam a2200169Ia 4500
008 090711s9999 xx 000 0 und d
082 _b42716
100 _aभावे पुरुषोत्तम भा.
245 _aमंदीर
260 _c1979
300 _a130
600 _aभावे पुरुषोत्तम भा.
630 _aमंदीर
700 _aभावे पुरुषोत्तम भा.
730 _aमंदीर
942 _cBOOK
999 _c312762
_d312762